02026cam a22003374a 4500001000400000003000400004005001700008008004100025020001500066040000800081082001500089100003500104240002800139245007500167250000700242260003300249300001100282340001000293520103700303650003201340650001701372650001901389650002301408650002001431655001601451655002001467700004301487942001201530952013301542999001301675321OSt20250528074017.0080603 c195 bl j 000 1 por  a8501008397 bpor a823bW519a1 aWest, Morris,d1916-1999.9646 aThe Devil's Advocate / 00aO advogado do diabo /cWest, Morris ; Tradução de Brenno Silveira  a27 aRio de JaneirobRecordc2004 a303 p. ePapel aPublicado originalmente em 1959, O advogado do diabo consagrou o australiano Morris West como um dos melhores escritores de sua geração. Na Calábria, sul da Itália, surge um culto à memória de um homem chamado Giacomo Nerone, a quem são atribuídos milagres. A devoção popular chama a atenção do Vaticano, que avalia a possibilidade de abrir um processo de canonização. Para confirmar a santidade, o sacerdote inglês Blaise Meredith é enviado com a missão de descobrir e denunciar fatos que possam impedir a santificação de Nerone. O papel deste investigador canônico é o de um verdadeiro advogado do diabo. Em suas investigações, o religioso não só descobre a verdade sobre Giacomo como enfrenta dramas em sua consciência que o fazem reavaliar seu papel de homem e de sacerdote. A obra é sucesso de público e crítica, e se destacou entre os clássicos da literatura de língua inglesa da segunda metade do século XX por abordar aspectos fundamentais da natureza humana. 0aLiteratura australiana9219 0aSuspense910 0aMistério942 0aCorrupção9151 0aReligião9100 0aRomance923 0aFicção 922 aBrenno SIlveirad1911- eTRADUTOR9647 2ddccBK 00102ddc40708FICaBIBIBbBIBIBcLEd2025-03-26edoaçãol0o823 / W516ap2025-17274r2025-03-26 09:53:32w2025-03-26yBK c321d321